000 01664nam0a2200397 4500
001 RU\NLR\bibl\95355
005 20250617081351.0
010 _a5-02-031250-9
_93327
020 _aRU
_b98-34514
_9Книжная летопись
021 _aRU
_b98-26972
_91287
035 _a(NLR Aleph) 000093194
090 _a523567
_c523567
100 _a20000410d1997 |||y0rusy50 ca
101 0 _arus
102 _aRU
105 _aa |||||||||
200 1 _aТектоническая расслоенность Алдано-Станового геоблока
_fВ. В. Стогний, Г. А. Стогний
_gОтв. ред. В. М. Мишнин; Рос. акад. наук, Сиб. отд-ние, Ин-т геол. наук, Якут. гос. ун-т им. М. К. Аммосова
210 _aНовосибирск
_cНаука
_cСиб. предприятие
_d1997
215 _a148,[2] с.
_cил.
_d22
320 _aБиблиогр.: с. 138-149 (203 назв.)
606 0 _aБлоковые структуры
_yАлдано-Становая область
_92169861
_3RU\NLR\auth\661305336
610 0 _aЗемная кора - Строение
610 0 _aТектоника
675 _a551.24(571.5/.6)
_v3
_zrus
686 _a38.45
_2rugasnti
686 _a26.3
_2rubbk
686 _aД390.53(2Р54)
700 1 _aСтогний
_gВалерий Васильевич
_4070
701 1 _aСтогний
_gГалина Александровна
_4070
801 0 _aRU
_bRKP
_c20000410
_gPSBO
801 1 _aRU
_bRKP
_c20000410
801 2 _aRU
_bNLR
_c20031001
_grcr
852 _aNLR
_j98-7/1379
942 _cBOOK
980 _aNB